01375nam a2200337 a 4500001001000000003000500010005001700015008004100032010001100073011001100084040000900095090001000104100003900114245016100153260004100314500006000355502007700415590004100492590004000533590004000573590004000613650005300653650004800706650005700754856007000811901000700881942001000888942000600898999001900904952011400923000115525CHAP20220329144538.0190603s2019 mx a sm |||||||spa d a111986 a112958 cCHAP aTesis1 aFigueroa Montero, Rodrigo.913589510aManejo alternativo de enfermedades del gladiolo (Gladiolus grandiflorus Hort. ) en Coatepec Harinas, México /h[En línea]cpor Rodrigo Figueroa Montero. aChapingo, Méx. :bEl autor,c2019. aPara ver el contenido del material haga clic en la liga aTesis (Ing. Agr. Esp. en Fitotecnia) -- UACH. Departamento de Fitotecnia aBATCH-UPDb05c20190603lUCH01h1419 aE8697GMMb05c20190603lUCH01h1036 aE8697GMMb05c20190603lUCH01h1038 aE8697GMMb05c20190603lUCH01h141914aFusarium oxysporumxControl biológico.913184214aGladiolasxEnfermedades por hongos.913589614aHongos fitopatógenosxControl biológico.9134760 aFinding aiduhttp://10.13.5.2/tesis/sist115525.pdfzTeclea aquí aBK cTESIS n0 c111986d111986 00102local40718TESISaBCbBCd2019-06-03fTESISl0oTesisp115536-10r2019-12-31 00:00:00w2019-06-03yCD